| 000 | 00769cab a2200241 4500 | ||
|---|---|---|---|
| 001 | WB3209-58 | ||
| 008 | 090401t1996 xxu||||| |||| 00| 0 eng d | ||
| 035 | _a(Sirsi) u40426 | ||
| 041 | _aeng | ||
| 245 | _aTimber management | ||
| 260 | _c1996 | ||
| 350 | _a0 | ||
| 490 |
_aFinancial Times _v28 February 1996, 14(2) |
||
| 520 | _aTells of concerns in the timber industry, in particular the threat of a shortage and looks at the Swedish forest certification system which aims to ensure well-managed forests by using eco-labelling rules for forest products. | ||
| 650 | _aECO-LABELLING | ||
| 650 | _aFOREST MANAGEMENT | ||
| 650 | _aPULP | ||
| 650 | _aSWEDEN | ||
| 650 | _aTIMBER INDUSTRY | ||
| 690 | _aRURAL PRACTICE | ||
| 942 | _n0 | ||
| 948 | _c04/03/1997 | ||
| 999 |
_c25911 _d25911 |
||